| 000 | 00564nam a22001937a 4500 | ||
|---|---|---|---|
| 008 | 150610b xxu||||| |||| 00| 0 eng d | ||
| 080 | _a656.2 | ||
| 245 | 0 | 0 |
_aThe railroaders. _cBy the editors of Time-Life Books, with text by Keith Wheeler. |
| 260 |
_aNew York, _bTime-Life Books _c[1973] |
||
| 300 |
_a240 f. : _bme il. : _c29 cm. |
||
| 490 | _aThe Old West | ||
| 505 | _aIndex: f. 238-240 | ||
| 650 | 0 | _aPacific railroads | |
| 650 | 0 | _aHekurudhat e Pacefikut | |
| 650 | 0 | _aRailroads | |
| 650 | 0 | _ahekurudhat | |
| 700 | 1 | _aWheeler, Keith. | |
| 942 |
_2udc _cBK |
||
| 999 |
_c1027 _d1027 |
||